| 000 | 00974nam a22002537a 4500 | ||
|---|---|---|---|
| 999 |
_c16938 _d16938 |
||
| 003 | AR-CdUCM | ||
| 008 | 190506b ||||| |||| 00| 0 spa d | ||
| 040 |
_aMUNICIPALIDAD PROVINCIAL DEL CUSCO _cBIBLIOTECA MUNICIPAL DEL CUSCO |
||
| 082 |
_a701.17 / _bB45 |
||
| 100 |
_aBerenson, Bernard, _936694 |
||
| 245 | _aEstética e historia en las artes visuales / | ||
| 260 |
_aMéxico, D.F : _bFondo de Cultura Económica, _c1956. |
||
| 300 |
_a264 paginas ; _c17 cm. |
||
| 440 |
_aBrevarios del Fondo de Cultura Económica _95224 |
||
| 500 | _aTitulo original : Aesthetics and History | ||
| 505 | _aContenido :Materiales -- Fines supremos de la critica de arte -- Sensaciones ideadas -- Ilustración -- Lo significativo... | ||
| 650 |
_aEstética _9589 |
||
| 650 |
_aHistoria y crítica _95993 |
||
| 650 |
_a Arte _9561 |
||
| 700 |
_aCardoza, Luis (Traducción) _936695 |
||
| 700 |
_aAragon (Traducción) _936696 |
||
| 942 |
_2ddc _cLIBROS |
||
| 945 |
_awnts _d2019-05-6 |
||